000 00602nam a2200229Ia 4500
003 OSt
005 20221007065327.0
006 a|||||r|||| 00| 0
007 ta
008 221006b |||||||| |||| 00| 0 eng d
024 _a13,945
037 _cTextual
040 _aFLL
_cFLL
_beng
041 _2eng
_aeng
082 _aX:275, L3
100 _aBauer P.T. Au.
_9686854
245 0 _aDissent on development
260 _aDelhi
_bVikas publishing house pvt. ltd. India
_c1973
300 _a550p
_ccm.
942 _hX:275, L3
_cTEXL
_2CC
999 _c1136989
_d1136989